000 00435nam a2200145Ia 4500
008 100204s9999 xx 000 0 und d
082 _b6321
100 _aपुरम प्रभावती रा.
245 _aभरतकला
260 _b"कलाविकास प्रकाशन , पुणे"
_c1978
300 _a149
630 _aभरतकला
730 _aभरतकला
942 _cBOOK
999 _c450785
_d450782